Southville International School and Colleges
Your cart is empty.
  • Cart
  • Lists
    Public lists Eva Luna New books Lux_list list_1
    Your lists Log in to create your own lists
  • Log in to your account
  • Your cookies
  • Search history
Southville International School and Colleges
  • Advanced search
  • Recent comments
  • Most popular
  • Libraries

Log in to your account

Log in with GOOGLE


If you do not have an external account, but do have a local account, you can still log in:

  1. Home
  2. MARC view: Hitting the slopes /
Normal view MARC view ISBD view

Hitting the slopes / (Record no. 865)

[ view plain ]
MARC details
000 -LEADER
fixed length control field 01237cam a22003733a 4500
001 - CONTROL NUMBER
control field 13123706
003 - CONTROL NUMBER IDENTIFIER
control field OSt
005 - DATE AND TIME OF LATEST TRANSACTION
control field 20140310181644.0
008 - FIXED-LENGTH DATA ELEMENTS--GENERAL INFORMATION
fixed length control field 000201s1999 nyu j 000 1 eng d
010 ## - LIBRARY OF CONGRESS CONTROL NUMBER
LC control number 2003570534
020 ## - INTERNATIONAL STANDARD BOOK NUMBER
International Standard Book Number 0307234584 (pbk.) :
035 ## - SYSTEM CONTROL NUMBER
System control number (OCoLC)ocm43376751
040 ## - CATALOGING SOURCE
Original cataloging agency BKL
Transcribing agency BKL
Modifying agency DLC
042 ## - AUTHENTICATION CODE
Authentication code lccopycat
050 00 - LIBRARY OF CONGRESS CALL NUMBER
Classification number PZ 7
Item number .St849 1999
082 ## - DEWEY DECIMAL CLASSIFICATION NUMBER
Classification number KF#
Item number GEN #9
100 1# - MAIN ENTRY--PERSONAL NAME
Personal name Stewart, Melanie.
9 (RLIN) 5423
245 10 - TITLE STATEMENT
Title Hitting the slopes /
Statement of responsibility, etc by Melanie Stewart.
260 ## - PUBLICATION, DISTRIBUTION, ETC. (IMPRINT)
Place of publication, distribution, etc New York :
Name of publisher, distributor, etc Golden Books Pub. Co.,
Date of publication, distribution, etc c1999.
300 ## - PHYSICAL DESCRIPTION
Extent 113 p. :
Other physical details map ;
Dimensions 19 cm.
490 1# - SERIES STATEMENT
Series statement Generation girl ;
Volume number/sequential designation #9
541 ## - IMMEDIATE SOURCE OF ACQUISITION NOTE
-- 1
562 ## - COPY AND VERSION IDENTIFICATION NOTE
Number of copies For circulation. 1 copy available in the collection
651 ## - SUBJECT ADDED ENTRY--GEOGRAPHIC NAME
Geographic name Interpersonal relations
General subdivision Fiction.
9 (RLIN) 5759
651 ## - SUBJECT ADDED ENTRY--GEOGRAPHIC NAME
Geographic name High schools
General subdivision Fiction.
9 (RLIN) 5760
651 ## - SUBJECT ADDED ENTRY--GEOGRAPHIC NAME
Geographic name Schools
General subdivision Fiction.
9 (RLIN) 5761
655 #7 - INDEX TERM--GENRE/FORM
Genre/form data or focus term Young adult fiction.
Source of term lcsh
9 (RLIN) 3735
655 #7 - INDEX TERM--GENRE/FORM
Genre/form data or focus term Sports stories.
Source of term lcsh
9 (RLIN) 5762
710 2# - ADDED ENTRY--CORPORATE NAME
Corporate name or jurisdiction name as entry element Copyright Paperback Collection (Library of Congress)
Institution to which field applies DLC
9 (RLIN) 705
800 1# - SERIES ADDED ENTRY--PERSONAL NAME
Personal name Stewart, Melanie.
Title of a work Generation girl ;
Volume/sequential designation #9.
9 (RLIN) 5763
906 ## - LOCAL DATA ELEMENT F, LDF (RLIN)
a 7
b cbc
c copycat
d 2
e ncip
f 20
g y-genrareb
942 ## - ADDED ENTRY ELEMENTS (KOHA)
Source of classification or shelving scheme Library of Congress Classification
Koha item type
Call number prefix
Holdings
Withdrawn status Lost status Source of classification or shelving scheme Damaged status Home library Current library Shelving location Date acquired Total Checkouts Full call number Barcode Date last seen Copy number Price effective from Koha item type
    Library of Congress Classification   Luxembourg Library Luxembourg Library Kids Fiction Section 04/12/2012   PZ 7 .St849g9 1999 11478 05/25/2015 1 10/03/2013 Books

Hitting the slopes /

APA

Stewart M., Copyright Paperback Collection (Library of Congress), . (1999). Hitting the slopes. New York: Golden Books Pub. Co.

Chicago

Stewart Melanie, Copyright Paperback Collection (Library of Congress), . 1999. Hitting the slopes. New York: Golden Books Pub. Co.

Harvard

Stewart M., Copyright Paperback Collection (Library of Congress), . (1999). Hitting the slopes. New York: Golden Books Pub. Co.

MLA

Stewart Melanie, Copyright Paperback Collection (Library of Congress), . Hitting the slopes. New York: Golden Books Pub. Co. 1999.

  • Place hold
  • Print
  • Cite
  • Add to your cart (remove)
  • Save record
    BIBTEX Dublin Core MARCXML MARC (non-Unicode/MARC-8) MARC (Unicode/UTF-8) MARC (Unicode/UTF-8, Standard) MODS (XML) RIS
  • More searches
    Search for this title in:
    Other Libraries (WorldCat) Other Databases (Google Scholar) Online Stores (Bookfinder.com) Open Library (openlibrary.org)

Exporting to Dublin Core...

SOUTHVILLE LIBRARY

Southville International School and Colleges Library

1281 Tropical Ave. Cor. Luxembourg St., BF Homes International, Las Pinas City

Tel. No. 8256374 / 252358 Loc. 117/146

Powered by Koha